LIBRARY ONLINE CATALOGUE

Effects of strategies used in enhancing the competitiveness of tour and travel industry : (Record no. 15404)

MARC details
000 -LEADER
fixed length control field 00703cam a22002052 4500
001 - CONTROL NUMBER
control field 0000024986
005 - DATE AND TIME OF LATEST TRANSACTION
control field 20151217161558.0
008 - FIXED-LENGTH DATA ELEMENTS--GENERAL INFORMATION
fixed length control field 140410s xx 000 0 eng d
040 ## - CATALOGING SOURCE
Original cataloging agency KABU
Transcribing agency KABU
100 1# - MAIN ENTRY--PERSONAL NAME
Personal name Gachoka, Janet.
-- 0000182827
245 10 - TITLE STATEMENT
Title Effects of strategies used in enhancing the competitiveness of tour and travel industry :
Remainder of title a case of Nakuru Municipality /
Statement of responsibility, etc. Janet Gachoka.
250 ## - EDITION STATEMENT
Edition statement 1st ed.
260 ## - PUBLICATION, DISTRIBUTION, ETC. (IMPRINT)
Place of publication, distribution, etc. Nakuru :
Name of publisher, distributor, etc. Kabarak University,
Date of publication, distribution, etc. 2012.
300 ## - PHYSICAL DESCRIPTION
Extent x, 49 leaves.
502 ## - DISSERTATION NOTE
Dissertation note Thesis (MBA) - Kabarak University, 2012.
650 #0 - SUBJECT ADDED ENTRY--TOPICAL TERM
Topical term or geographic name as entry element Tourism
Geographic subdivision Kenya.
-- 0000149686
908 ## - PUT COMMAND PARAMETER (RLIN)
Put command parameter 140410
950 ## - LOCAL HOLDINGS (RLIN)
-- 1
Holdings
Withdrawn status Lost status Source of classification or shelving scheme Not for loan Home library Current library Date acquired Total Checkouts Full call number Barcode Date last seen Date last checked out Price effective from Koha item type
    Library of Congress Classification   Kabarak, Main Campus Kabarak, Main Campus 17/12/2015 2 G155 .K46G33 2012 c. 1 016527 06/06/2016 06/06/2016 17/12/2015 Thesis, Dissertation and Projecs